[Event "Reykjavik op"]
[Site "Reykjavik"]
[Date "2025.04.12"]
[Round "5"]
[White "Arnalds, Stefan"]
[Black "Liu, Meng"]
[Result "0-1"]
[WhiteElo "1850"]
[BlackElo "2079"]
[PlyCount "55"]
[EventDate "2025.04.09"]
[EventType "swiss"]
[EventRounds "9"]
[EventCountry "ISL"]
[SourceTitle "CB17_2025"]
[SourceDate "2025.04.23"]
[SourceVersion "1"]
[SourceVersionDate "2025.04.23"]
[SourceQuality "1"]

1. d4 Nf6 2. c4 e6 3. Nc3 Bb4 4. Qc2 d6 5. a3 Bxc3+ 6. Qxc3 0-0 7. g3 Re8 8. Bg2 e5 9. dxe5 dxe5 10. Bg5 h6 11. Rd1 Qe7 12. Bc1 Nc6 13. Nf3 Nd4 14. Nxd4 exd4 15. Qd2 Ne4 16. Bxe4 Qxe4 17. 0-0 Bh3 18. f3 Qxe2 19. Rf2 Qxc4 20. Re1 d3 21. b4 Qb5 22. Bb2 Rxe1+ 23. Qxe1 Re8 24. Qc3 f6 25. Rd2 Re3 26. Kf2 Qe8 27. Rd1 Rxf3+ 28. Kg1 0-1

[Event "Reykjavik op"]
[Site "Reykjavik"]
[Date "2024.03.18"]
[Round "6"]
[White "Wehding, Anton Bonsvig"]
[Black "Arnalds, Stefan"]
[Result "1-0"]
[WhiteElo "2056"]
[BlackElo "1876"]
[PlyCount "74"]
[EventDate "2024.03.15"]
[EventType "swiss"]
[EventRounds "9"]
[EventCountry "ISL"]
[SourceTitle "CBM 219 Extra"]
[Source "ChessBase"]
[SourceDate "2024.05.31"]
[SourceVersion "1"]
[SourceVersionDate "2024.05.31"]
[SourceQuality "1"]

1. c4 Nf6 2. g3 g6 3. Bg2 Bg7 4. Nc3 0-0 5. e4 d6 6. Nge2 c5 7. 0-0 Nc6 8. d3 a6 9. h3 Rb8 10. a4 Bd7 11. Be3 Nb4 12. Qd2 Ne8 13. b3 e5 14. f4 f6 15. Rf2 Nc7 16. Raf1 Qe7 17. Nd5 Ncxd5 18. exd5 b5 19. axb5 axb5 20. fxe5 fxe5 21. Bg5 Qe8 22. Rxf8+ Bxf8 23. Nc3 Bf5 24. Rf3 Qd7 25. g4 Bxd3 26. Rxd3 Nxd3 27. Ne4 Bg7 28. Qxd3 bxc4 29. Qxc4 Kh8 30. Qa6 h6 31. Bd2 Bf8 32. Qf1 Bg7 33. Qf3 Rf8 34. Qg3 Kh7 35. Qh4 Qb5 36. Ng5+ Kg8 37. Ne6 Qxb3 1-0

[Event "Reykjavik Kvika op"]
[Site "Reykjavik"]
[Date "2022.04.10"]
[Round "6"]
[White "Lohia, Sohum"]
[Black "Arnalds, Stefan"]
[Result "1-0"]
[WhiteElo "2196"]
[BlackElo "1900"]
[PlyCount "97"]
[EventDate "2022.04.06"]
[EventType "swiss"]
[EventRounds "9"]
[EventCountry "ISL"]
[SourceTitle "CBM 207 Extra"]
[Source "ChessBase"]
[SourceDate "2022.05.31"]
[SourceVersion "1"]
[SourceVersionDate "2022.05.31"]
[SourceQuality "1"]

1. e4 c5 2. Nf3 e6 3. d4 cxd4 4. Nxd4 Nf6 5. Nc3 Nc6 6. Ndb5 Bb4 7. a3 Bxc3+ 8. Nxc3 d5 9. Bd3 dxe4 10. Nxe4 Nxe4 11. Bxe4 Qxd1+ 12. Kxd1 Bd7 13. Be3 b6 14. Kc1 f5 15. Bf3 Rc8 16. b3 e5 17. Re1 0-0 18. Bd5+ Kh8 19. Kb2 f4 20. Bd2 Nd4 21. c3 Bc6 22. cxd4 Bxd5 23. dxe5 Bxg2 24. e6 Rce8 25. Rac1 Bd5 26. e7 Rf6 27. Rc7 a5 28. Bc3 Rg6 29. h4 Kg8 30. Re5 Rc6 31. Rxc6 Bxc6 32. Bd4 Kf7 33. Bxb6 Rxe7 34. Rxa5 Re2+ 35. Kc3 f3 36. a4 Re4 37. Ra7+ Re7 38. a5 Ke6 39. Rxe7+ Kxe7 40. Kc4 Kd6 41. b4 Bd5+ 42. Kd4 Bc6 43. Bc5+ Kc7 44. Bf8 g6 45. Kc5 Be4 46. b5 Kb7 47. a6+ Ka7 48. Kb4 Bd3 49. Ka5 1-0

[Event "Reykjavik Kvika op"]
[Site "Reykjavik"]
[Date "2022.04.08"]
[Round "4"]
[White "Lim, Zhuo Ren"]
[Black "Arnalds, Stefan"]
[Result "1-0"]
[WhiteElo "2317"]
[BlackElo "1900"]
[PlyCount "70"]
[EventDate "2022.04.06"]
[EventType "swiss"]
[EventRounds "9"]
[EventCountry "ISL"]
[SourceTitle "CBM 207 Extra"]
[Source "ChessBase"]
[SourceDate "2022.05.31"]
[SourceVersion "1"]
[SourceVersionDate "2022.05.31"]
[SourceQuality "1"]

1. d4 Nf6 2. c4 g6 3. Nf3 Bg7 4. g3 0-0 5. Bg2 c5 6. 0-0 cxd4 7. Nxd4 Qc7 8. Nb5 Qa5 9. Bd2 Qd8 10. N1c3 a6 11. Na3 d6 12. Rc1 Nc6 13. h3 Be6 14. Be3 Rb8 15. Qd2 Qd7 16. Kh2 Ne5 17. Nd5 b5 18. Nxf6+ Bxf6 19. cxb5 axb5 20. b3 b4 21. Nc2 Nc6 22. Bxc6 Qxc6 23. Nxb4 Qb5 24. Nc6 Qh5 25. Nxb8 Bxh3 26. Rh1 Rxb8 27. Kg1 Qg4 28. Rc4 Qf5 29. f3 h5 30. Kf2 Qd7 31. Rhc1 d5 32. Rc7 Qd6 33. R1c6 Qe5 34. Bf4 Qf5 35. Qd3 Qxd3 1-0

[Event "Akureyri Icelandic op"]
[Site "Akureyri"]
[Date "2019.05.30"]
[Round "7"]
[White "Arnalds, Stefan"]
[Black "Sigurdarson, Tomas Veigar"]
[Result "0-1"]
[WhiteElo "1936"]
[BlackElo "1994"]
[PlyCount "98"]
[EventDate "2019.05.25"]
[EventType "swiss"]
[EventRounds "9"]
[EventCountry "ISL"]
[SourceTitle "CBM 190 Extra"]
[Source "ChessBase"]
[SourceDate "2019.07.15"]
[SourceVersion "1"]
[SourceVersionDate "2019.07.15"]
[SourceQuality "1"]

1. d4 Nf6 2. c4 g6 3. Nc3 Bg7 4. e4 d6 5. h3 0-0 6. Nf3 Na6 7. Bd3 e5 8. d5 Nc5 9. Bc2 a5 10. 0-0 Nh5 11. Rb1 Nf4 12. a3 f5 13. exf5 gxf5 14. b4 axb4 15. axb4 Nd7 16. Bxf4 exf4 17. Ne2 Ra3 18. Nxf4 Ne5 19. Rb3 Ra2 20. Bb1 Ra1 21. Nd4 Rf7 22. Nde6 Bxe6 23. Nxe6 Qf6 24. Qh5 Qg6 25. Qxg6 hxg6 26. Nxg7 Kxg7 27. c5 Nc4 28. Bd3 Rxf1+ 29. Bxf1 Nd2 30. Rd3 Ne4 31. f3 Ng3 32. Kf2 f4 33. Ra3 Kf6 34. Ra7 Ke5 35. Rxb7 Kxd5 36. cxd6 Kxd6 37. Ra7 Ke5 38. Ra6 Rd7 39. Ra1 Rd2+ 40. Kg1 Rb2 41. Bd3 g5 42. Ra5+ Kd4 43. Ba6 Rxb4 44. Rxg5 Ra4 45. Rg6 c5 46. Rd6+ Ke5 47. Rc6 Kd5 48. Rb6 Ra1+ 49. Kf2 c4 0-1

[Event "Akureyri Icelandic op"]
[Site "Akureyri"]
[Date "2019.05.27"]
[Round "4"]
[White "Leosson, Atli Johann"]
[Black "Arnalds, Stefan"]
[Result "1-0"]
[WhiteElo "1790"]
[BlackElo "1936"]
[PlyCount "55"]
[EventDate "2019.05.25"]
[EventType "swiss"]
[EventRounds "9"]
[EventCountry "ISL"]
[SourceTitle "CBM 190 Extra"]
[Source "ChessBase"]
[SourceDate "2019.07.15"]
[SourceVersion "1"]
[SourceVersionDate "2019.07.15"]
[SourceQuality "1"]

1. e4 c5 2. Nf3 e6 3. d4 cxd4 4. Nxd4 Nf6 5. Nc3 Nc6 6. Ndb5 Bb4 7. a3 Bxc3+ 8. Nxc3 d5 9. exd5 exd5 10. Bd3 0-0 11. 0-0 Bg4 12. f3 Bh5 13. Bg5 h6 14. Bh4 g5 15. Bf2 Ne5 16. Bf5 g4 17. Qd4 gxf3 18. Qxe5 fxg2 19. Rfe1 Re8 20. Qf4 Kg7 21. Bd4 Rxe1+ 22. Rxe1 Bg6 23. Bxg6 Kxg6 24. Bxf6 Qxf6 25. Qxf6+ Kxf6 26. Nxd5+ Kf5 27. Kxg2 Rd8 28. Nc3 1-0

[Event "ISL-chT2 1819"]
[Site "Reykjavik"]
[Date "2019.03.01"]
[Round "5.3"]
[White "Arnalds, Stefan"]
[Black "Sigurmundsson, Ulfhedinn"]
[Result "1-0"]
[WhiteElo "1943"]
[BlackElo "1900"]
[PlyCount "39"]
[EventDate "2018.11.09"]
[EventType "team-tourn"]
[EventRounds "7"]
[EventCountry "ISL"]
[SourceTitle "CBM 189 Extra"]
[Source "ChessBase"]
[SourceDate "2019.05.31"]
[SourceVersion "1"]
[SourceVersionDate "2019.05.31"]
[SourceQuality "1"]
[WhiteTeam "Breidjablik Bolungavik II"]
[BlackTeam "Skakfelag Selfoss"]
[WhiteTeamCountry "ISL"]
[BlackTeamCountry "ISL"]

1. d4 d5 2. c4 e6 3. Nc3 Nf6 4. Bg5 Be7 5. cxd5 Nxd5 6. Bxe7 Qxe7 7. g3 Nd7 8. Bg2 Nxc3 9. bxc3 0-0 10. Nf3 e5 11. 0-0 c6 12. e3 b6 13. Qb3 Bb7 14. Rfd1 Rfd8 15. a4 a6 16. Nxe5 Nxe5 17. dxe5 Qc5 18. e6 fxe6 19. Qxe6+ Kh8 20. Qf7 1-0

[Event "Reykjavik op"]
[Site "Reykjavik"]
[Date "2017.04.23"]
[Round "6"]
[White "Arnalds, Stefan"]
[Black "Mai, Alexander Oliver"]
[Result "0-1"]
[WhiteElo "2035"]
[BlackElo "1813"]
[PlyCount "70"]
[EventDate "2017.04.19"]
[EventType "swiss"]
[EventRounds "10"]
[EventCountry "ISL"]
[SourceTitle "CBM 178 Extra"]
[Source "ChessBase"]
[SourceDate "2017.06.22"]
[SourceVersion "1"]
[SourceVersionDate "2017.06.22"]
[SourceQuality "1"]

1. d4 Nf6 2. c4 g6 3. Nc3 Bg7 4. e4 d6 5. f3 0-0 6. Be3 Nc6 7. Qd2 a6 8. Bd3 e5 9. d5 Nd4 10. Nge2 Nd7 11. 0-0 c5 12. dxc6 bxc6 13. Bh6 Bxh6 14. Qxh6 Nc5 15. Rad1 Qf6 16. Bb1 Be6 17. b3 Nb7 18. h3 Nxe2+ 19. Nxe2 Qg7 20. Qe3 f5 21. f4 Rae8 22. Qb6 c5 23. Qxa6 Ra8 24. Qc6 Rfc8 25. Qb6 Qd7 26. Qb5 Rc6 27. b4 cxb4 28. Qxb4 Rxc4 29. Qd2 Ra5 30. exf5 Bxf5 31. Bxf5 Qxf5 32. Rb1 Rc2 33. Qd1 Qe4 34. Re1 Rd5 35. Nd4 Qxg2# 0-1

[Event "ISL-chT 1617"]
[Site "Reykjavik"]
[Date "2016.09.29"]
[Round "1.2"]
[White "Arnalds, Stefan"]
[Black "Gunnarsson, Gunnar K"]
[Result "1-0"]
[WhiteElo "2040"]
[BlackElo "2150"]
[PlyCount "99"]
[EventDate "2016.09.29"]
[EventType "team-tourn"]
[EventRounds "9"]
[EventCountry "ISL"]
[SourceTitle "EXT 2018"]
[Source "ChessBase"]
[SourceDate "2017.10.13"]
[SourceVersion "1"]
[SourceVersionDate "2017.10.13"]
[SourceQuality "1"]
[WhiteTeam "Bolungarvik"]
[BlackTeam "KR CC"]
[WhiteTeamCountry "ISL"]
[BlackTeamCountry "ISL"]

1. d4 Nf6 2. c4 g6 3. Nc3 Bg7 4. e4 d6 5. f3 0-0 6. Be3 e5 7. d5 c6 8. Qd2 cxd5 9. cxd5 a6 10. Bd3 b5 11. Nge2 Nbd7 12. g4 Nc5 13. Bc2 Bd7 14. b4 Na4 15. Nxa4 bxa4 16. 0-0 a5 17. Rab1 axb4 18. Qxb4 Qc7 19. Bd3 Bxg4 20. fxg4 Nxg4 21. Bb6 Qe7 22. h3 Nh6 23. Qe1 f5 24. Rc1 fxe4 25. Bxe4 Nf5 26. Bxf5 gxf5 27. Rc7 Qf6 28. Kh1 Kh8 29. Rg1 Rg8 30. Qf2 Rab8 31. Nc3 f4 32. Ne4 Qf5 33. Ng5 Rbf8 34. Qh4 h6 35. Ne6 Rf7 36. Rxf7 Qxf7 37. Nxg7 Rxg7 38. Rxg7 Qxg7 39. Qd8+ Kh7 40. Qc7 e4 41. Qxg7+ Kxg7 42. Bc7 f3 43. Bxd6 Kf6 44. Kg1 e3 45. Bf4 e2 46. Kf2 h5 47. Bd2 Ke5 48. Kxf3 Kxd5 49. Kxe2 Ke4 50. Be3 1-0

[Event "Reykjavik op"]
[Site "Reykjavik"]
[Date "2016.03.09"]
[Round "2"]
[White "Arnalds, Stefan"]
[Black "Opasiak, Dustin Tennessee"]
[Result "1-0"]
[WhiteElo "2007"]
[BlackElo "1782"]
[PlyCount "71"]
[EventDate "2016.03.08"]
[EventType "swiss"]
[EventRounds "10"]
[EventCountry "ISL"]
[SourceTitle "CBM 171 Extra"]
[Source "ChessBase"]
[SourceDate "2016.04.26"]
[SourceVersion "1"]
[SourceVersionDate "2016.04.26"]
[SourceQuality "1"]

1. d4 Nf6 2. c4 c5 3. Nf3 cxd4 4. Nxd4 e5 5. Nb5 d5 6. cxd5 Bb4+ 7. Bd2 Nxd5 8. e4 Bxd2+ 9. Qxd2 Nf4 10. Nd6+ Ke7 11. Nxc8+ Qxc8 12. g3 Ne6 13. Nc3 Nc6 14. Nd5+ Kf8 15. Bh3 Qd8 16. 0-0 Ned4 17. f4 Qd6 18. Rac1 Rd8 19. b4 a6 20. a4 Nb3 21. Qf2 Nxc1 22. fxe5 Ne2+ 23. Qxe2 Qxe5 24. b5 axb5 25. axb5 Qd4+ 26. Kh1 Ne5 27. Bg2 g6 28. Rd1 Qc4 29. Qf2 Qb3 30. Rf1 f5 31. Qc5+ Kg7 32. Qe7+ Nf7 33. Qf6+ Kf8 34. exf5 gxf5 35. Qxf5 Qxb5 36. Qxf7# 1-0